Normal view MARC view

Entry Personal Name

Number of records used in: 2

001 - CONTROL NUMBER

  • control field: 81844

003 - CONTROL NUMBER IDENTIFIER

  • control field: dpl

005 - DATE AND TIME OF LATEST TRANSACTION

  • control field: 20250610144443.0

008 - FIXED-LENGTH DATA ELEMENTS

  • fixed length control field: 250610|| aca||aabn | a|a d

040 ## - CATALOGING SOURCE

  • Original cataloging agency: dpl
  • Transcribing agency: dpl

100 ## - HEADING--PERSONAL NAME

  • Personal name: Uniyal, Ekta

670 ## - SOURCE DATA FOUND

  • Source citation: Work cat.: (dpl)211702: Uniyal, Ekta, Freedom Corruption & Moral Strategies/, 2017

© Delhi Public Library
Hit Counter
free hit counter